[Event "Portoroz op 9th"]
[Site "Portoroz"]
[Date "2007.09.30"]
[Round "6"]
[White "Janzelj, Tim"]
[Black "Ploc, Albert"]
[Result "1-0"]
[WhiteElo "1789"]
[BlackElo "1850"]
[PlyCount "41"]
[EventDate "2007.09.28"]
[EventType "swiss"]
[EventRounds "7"]
[EventCountry "SLO"]
[SourceTitle "CBM 120 Extra"]
[Source "ChessBase"]
[SourceDate "2007.11.01"]
[SourceVersion "1"]
[SourceVersionDate "2007.11.01"]
[SourceQuality "1"]

1. Nf3 c5 2. c3 Nc6 3. d4 cxd4 4. cxd4 Nf6 5. Nc3 d5 6. Qb3 g6 7. Bf4 Bg7 8. e3 0-0 9. Bd3 Re8 10. 0-0 a6 11. Rac1 Na5 12. Qb4 Bf8 13. Qa4 Bd7 14. Qd1 Nc4 15. Bxc4 dxc4 16. e4 e6 17. Bg5 Be7 18. Qd2 Qb6 19. Bxf6 Bxf6 20. e5 Bg7 21. Ne4 1-0

[Event "Lucija Domen op 1st"]
[Site "Lucija"]
[Date "2006.05.06"]
[Round "3"]
[White "Ploc, Albert"]
[Black "Bajec, Borut"]
[Result "0-1"]
[WhiteElo "1500"]
[BlackElo "1804"]
[PlyCount "68"]
[EventDate "2006.05.05"]
[EventType "swiss"]
[EventRounds "7"]
[EventCountry "SLO"]
[SourceTitle "EXT 2008"]
[Source "ChessBase"]
[SourceDate "2007.11.25"]
[SourceVersion "1"]
[SourceVersionDate "2007.11.25"]
[SourceQuality "1"]

1. e4 c5 2. Nf3 Nc6 3. Bb5 a6 4. Ba4 b5 5. d4 bxa4 6. dxc5 Qa5+ 7. Nc3 Qxc5 8. Be3 Qd6 9. Nd5 Nf6 10. Bf4 e5 11. Nxf6+ gxf6 12. Be3 Qxd1+ 13. Rxd1 Rb8 14. b3 Nb4 15. 0-0 Nxc2 16. bxa4 Nxe3 17. fxe3 Bc5 18. Rd3 Rg8 19. Nh4 Ke7 20. Nf5+ Ke6 21. Rc1 Be7 22. Rcd1 Rb6 23. a5 Rc6 24. Rd5 d6 25. h3 Kd7 26. Nh6 Rg6 27. Nf5 Ke8 28. Nh4 Rg8 29. g4 h5 30. Nf5 hxg4 31. h4 Bxf5 32. exf5 Rh8 33. Kg2 Rxh4 34. Kg3 Rh3+ 0-1

[Event "Portoroz op"]
[Site "Portoroz"]
[Date "2003.04.29"]
[Round "4"]
[White "Brecevic, Roman"]
[Black "Ploc, Albert"]
[Result "1-0"]
[WhiteElo "1929"]
[BlackElo "1597"]
[PlyCount "45"]
[EventDate "2003.04.??"]
[EventType "swiss"]
[EventRounds "9"]
[EventCountry "SLO"]
[SourceTitle "EXT 2005"]
[Source "ChessBase"]
[SourceDate "2004.11.15"]
[SourceVersion "1"]
[SourceVersionDate "2004.11.15"]
[SourceQuality "1"]

1. d4 d5 2. c4 dxc4 3. e3 Nf6 4. Bxc4 a6 5. Nf3 Bg4 6. Bxf7+ Kxf7 7. Ne5+ Kg8 8. Nxg4 h5 9. Nxf6+ exf6 10. Qb3+ Kh7 11. Qxb7 Nd7 12. 0-0 Bd6 13. Nc3 Nf8 14. Qd5 Ng6 15. h3 Re8 16. Qxh5+ Kg8 17. Qxg6 Qe7 18. Bd2 Rab8 19. b3 c5 20. Ne2 Rb6 21. dxc5 Bxc5 22. Ng3 Qe5 23. Bc3 1-0

[Event "Portoroz op"]
[Site "Portoroz"]
[Date "2003.04.29"]
[Round "5"]
[White "Ploc, Albert"]
[Black "Mirkovic, Nikola"]
[Result "0-1"]
[WhiteElo "1597"]
[BlackElo "1518"]
[PlyCount "60"]
[EventDate "2003.04.??"]
[EventType "swiss"]
[EventRounds "9"]
[EventCountry "SLO"]
[SourceTitle "EXT 2005"]
[Source "ChessBase"]
[SourceDate "2004.11.15"]
[SourceVersion "1"]
[SourceVersionDate "2004.11.15"]
[SourceQuality "1"]

1. g3 d5 2. d4 Nf6 3. Bg2 e6 4. Nf3 Bd6 5. 0-0 0-0 6. Nc3 Nbd7 7. Bg5 h6 8. Bd2 c6 9. a3 Qc7 10. e3 e5 11. Nh4 Nb6 12. Nf5 Bxf5 13. Re1 Nc4 14. Bc1 Rfe8 15. b3 Nb6 16. Ra2 exd4 17. exd4 c5 18. Be3 cxd4 19. Qxd4 Be5 20. Nb5 Qd7 21. Qd2 Qxb5 22. a4 Qd7 23. a5 Nc8 24. Ra4 Qc7 25. Bxh6 Qc3 26. Qg5 Qxe1+ 27. Bf1 Bg6 28. Rh4 Ne4 29. Qg4 Qxf2+ 30. Kh1 Qxf1# 0-1

[Event "Portoroz op"]
[Site "Portoroz"]
[Date "2003.04.27"]
[Round "3"]
[White "Bilbija, Nina"]
[Black "Ploc, Albert"]
[Result "1-0"]
[WhiteElo "1500"]
[BlackElo "1597"]
[PlyCount "69"]
[EventDate "2003.04.??"]
[EventType "swiss"]
[EventRounds "9"]
[EventCountry "SLO"]
[SourceTitle "EXT 2005"]
[Source "ChessBase"]
[SourceDate "2004.11.15"]
[SourceVersion "1"]
[SourceVersionDate "2004.11.15"]
[SourceQuality "1"]

1. f4 c5 2. e4 Nc6 3. Bc4 e5 4. d3 Nf6 5. Nf3 d5 6. Bb3 dxe4 7. Nxe5 Nxe5 8. fxe5 Nd5 9. dxe4 Qh4+ 10. Kf1 Qxe4 11. Qxd5 Qf5+ 12. Qf3 Be7 13. Qxf5 Bxf5 14. Ba4+ Kf8 15. Nc3 Rd8 16. Be3 b6 17. h3 h5 18. Ke2 Rh7 19. Bb3 h4 20. Rhf1 Rh5 21. e6 f6 22. Rad1 Rc8 23. Rd7 a6 24. Nd5 Bxe6 25. Nxe7 Bxd7 26. Nxc8 Bxc8 27. Rd1 b5 28. a3 Bb7 29. Kf2 Rf5+ 30. Kg1 c4 31. Ba2 Be4 32. Bb1 Re5 33. Bf4 Rf5 34. Rf1 Rc5 35. Bd6+ 1-0